000 00544nam a22001817a 4500
003 OSt
005 20180116183107.0
008 171031b xxu||||| |||| 00| 0 eng d
020 _a9781409454601
040 _c0
082 _a332.042 MAL 2014
100 _aAlexander R. Malket, CITP
245 _aFinancing Trade and International Supply Chains
_cAlexander R. Malket, CITP
260 _aUSA
_bRoutledge
_c2014
300 _a291p.
_bHB.
440 _aFinancing Trade and International Supply Chains
942 _2ddc
_cBK
_k332.042 MAL 2014
999 _c352114
_d352114